00342 a2200109 4500001001000000005001700010008004100027245007100068100002400139773005200163999001700215ART_3137420260410161707.0260409a 10aInstituciones sin fines de lucro prestadoras de servicios de salud1 aIacomucci, Norma H.0 tRevista Impuestosg- NÂș 10 (may. 2007)wREV639 c15691d15691